000 00586nam a2200217Ia 4500
003 OSt
005 20230602111303.0
008 210423s2004 xx 000 0 und d
040 _cAL
041 _aeng
082 _a361.3
_223
_bMISS
100 _aMISRA (P D);MISRA (Beena)
_9118729
245 _aSocial work profession in india
260 _aLucknow
_bNew Royal Books Co
_c2004
300 _a162
_bPB
365 _b560
_cINR
650 _aSocial Problems & Services
_9118730
650 _aSocial Work
_9118731
906 _aindia ; profession ; Social ; work
942 _2ddc
_cBK
999 _c174750
_d174750